Bolton MDC and others v SoS Environment and others (Record no. 8926)
[ view plain ]
| 000 -LEADER | |
|---|---|
| fixed length control field | 01711cab a2200289 4500 |
| 001 - CONTROL NUMBER | |
| control field | ABS55052 |
| 008 - FIXED-LENGTH DATA ELEMENTS--GENERAL INFORMATION | |
| fixed length control field | 090401t1996 xxu||||| |||| 00| 0 eng d |
| 035 ## - SYSTEM CONTROL NUMBER | |
| System control number | (Sirsi) u13832 |
| 041 ## - LANGUAGE CODE | |
| Language code of text/sound track or separate title | eng |
| 245 ## - TITLE STATEMENT | |
| Title | Bolton MDC and others v SoS Environment and others |
| 260 ## - PUBLICATION, DISTRIBUTION, ETC. | |
| Date of publication, distribution, etc. | 1996 |
| 350 ## - PRICE (NR) (BK AM CF MU VM SE) [OBSOLETE] | |
| Price | 0 |
| 490 ## - SERIES STATEMENT | |
| Series statement | Property and Compensation Reports |
| Volume/sequential designation | [1996] 71 P&CR 309-322(8) |
| 520 ## - SUMMARY, ETC. | |
| Summary, etc. | HL 24 May 1995. Upheld the HC decision, and overturning the CA decision concerning whether the SoS had taken due consideration of the impact of traffic upon a new development. SoS had given planning permission for a sub-regional shopping centre known as the Trafford Centre. B argued that the SoS had not given due consideration to the impact extra traffic would have and that the SoS had not given sufficient reasons for his decision. The CA had upheld the consortium of local authorities` objections, the SoS appealed to the HL. The HL concluded that the SoS had need to balance the provision of urban regeneration with environmental considerations and that he had investigated the implications of the development, and had explained his reasons although not necessarily as fully and as clearly as might be wished. Appeal allowed. |
| 650 ## - SUBJECT ADDED ENTRY--TOPICAL TERM | |
| Topical term or geographic name entry element | BOLTON MDC AND OTHERS V SOS ENVIRONMENT AND OTHERS |
| 650 ## - SUBJECT ADDED ENTRY--TOPICAL TERM | |
| Topical term or geographic name entry element | DUE CONSIDERATION |
| 650 ## - SUBJECT ADDED ENTRY--TOPICAL TERM | |
| Topical term or geographic name entry element | MANCHESTER SHIP CANAL COMPANY |
| 650 ## - SUBJECT ADDED ENTRY--TOPICAL TERM | |
| Topical term or geographic name entry element | OUT-OF-TOWN SHOPPING CENTRES |
| 650 ## - SUBJECT ADDED ENTRY--TOPICAL TERM | |
| Topical term or geographic name entry element | REGIONAL SHOPPING CENTRES |
| 650 ## - SUBJECT ADDED ENTRY--TOPICAL TERM | |
| Topical term or geographic name entry element | RETAIL IMPACT |
| 650 ## - SUBJECT ADDED ENTRY--TOPICAL TERM | |
| Topical term or geographic name entry element | TOWN AND COUNTRY PLANNING ACT 1990 S70 |
| 650 ## - SUBJECT ADDED ENTRY--TOPICAL TERM | |
| Topical term or geographic name entry element | TOWN AND COUNTRY PLANNING ACT 1990 S77 |
| 650 ## - SUBJECT ADDED ENTRY--TOPICAL TERM | |
| Topical term or geographic name entry element | TRAFFORD CENTRE |
| 690 ## - LOCAL SUBJECT ADDED ENTRY--TOPICAL TERM (OCLC, RLIN) | |
| Topical term or geographic name as entry element | PLANNING LAW AND PRACTICE-CASE LAW |
| 942 ## - ADDED ENTRY ELEMENTS (KOHA) | |
| Suppress in OPAC | 0 |
| 948 ## - LOCAL PROCESSING INFORMATION (OCLC); SERIES PART DESIGNATOR (RLIN) | |
| c (OCLC) | 04/03/1997 |
| Withdrawn status | Lost status | Source of classification or shelving scheme | Damaged status | Not for loan | Home library | Current library | Shelving location | Date acquired | Total Checkouts | Full call number | Barcode | Date last seen | Copy number | Price effective from | Koha item type |
|---|---|---|---|---|---|---|---|---|---|---|---|---|---|---|---|
| Dewey Decimal Classification | London | London | Journal article | 14/09/1999 | ABS55052 | 13832-1001 | 06/08/2019 | 1 | 06/08/2019 | Law report |